000 00580cam a22002411 4500
001 sa 68008146
003 DLC
005 20260227112529.0
008 941013s1968 ii 000 1 beno
010 _asa 68008146
025 _aPL480:I-B-3458
035 _a(OCoLC)31279466
040 _aDLC
_cCU
_dCU
_dDLC
042 _apremarc
050 0 0 _aPK1718.M7918
_bP7
100 1 _aMukherji, Saurindramohan,
_d1884-
245 1 0 _aPreẏasī.
260 _c[1968]
300 _a127 p.
_c23 cm.
490 0 _aYautuka sirija.
_v13
500 _aIn Bengali.
500 _aA novel.
999 _c82269
_d82269